000 00228nam a2200097Ia 4500
008 190216s9999||||xx |||||||||||||| ||und||
100 _aVrindramlal Varma
245 0 _aHindi-Jhansi Kirari
260 _bSatya Prakasan
942 _cBK
999 _c17620
_d17620